Statistics for Last Loss Train

Click here to take the quiz!

General Stats

  • This quiz has been taken 7 times
  • The average score is 3 of 12

Answer Stats

AnswerHint% Correct
Saudi ArabiaV
100%
VenezuelaI
86%
IcelandB
43%
RomaniaS
29%
Bosnia & HerzegovinaR
14%
SloveniaS
14%
Argentina:)
0%
CroatiaA
0%
MoroccoC
0%
PortugalM
0%
SerbiaS
0%
SwitzerlandP
0%

Score Distribution

Percentile by Number Answered

Percent of People with Each Score

Your Score History

You have not taken this quiz